El marco teórico de la migración interna: texto provisional preparado para la Encuesta de Migración al Área Metropolitana de San José /
Guardado en:
| Hovedforfatter: | |
|---|---|
| Format: | Texto |
| Sprog: | Spanish |
| Udgivet: |
San José, Costa Rica:
CELADE,
1972
|
| Tags: |
Tilføj Tag
Ingen Tags, Vær først til at tagge denne postø!
|
MARC
| LEADER | 00000 a a2200000 04500 | ||
|---|---|---|---|
| 001 | 17281 | ||
| 003 | cru CIDCACS/IIS | ||
| 005 | 20240821164645.0 | ||
| 008 | 231205b1972 cr ||||| |||| 00| 0 spa d | ||
| 020 | |a [Sin ISBN] | ||
| 040 | |a cru CIDCACS/IIS |c cru CIDCACS/IIS |b spa | ||
| 090 | |a 14.07.01 Al333m | ||
| 100 | |a Alberts, Joop | ||
| 245 | 1 | 3 | |a El marco teórico de la migración interna: |b texto provisional preparado para la Encuesta de Migración al Área Metropolitana de San José / |c Joop Alberts |h [impreso] |
| 260 | |a San José, Costa Rica: |b CELADE, |c 1972 | ||
| 300 | |a 27 páginas | ||
| 942 | |2 z |c LI |h 14.07.01 Al333m |i 09097 |k 14.07.01 |m Al333m |6 140701_AL333M_09097 | ||
| 999 | |c 4412 |d 4412 | ||
